Los derechos fundamentales en el ordenamiento comunitario
Saved in:
| Hovedforfatter: | |
|---|---|
| Format: | Bog |
| Sprog: | spansk |
| Udgivet: |
Barcelona
Ariel
1999
|
| Serier: | Ariel Derecho
|
| Fag: | |
| Tags: |
Tilføj Tag
Ingen Tags, Vær først til at tagge denne postø!
|
MARC
| LEADER | 00000nam a2200000 a 4500 | ||
|---|---|---|---|
| 001 | UCL0937 | ||
| 003 | CL-VaPUC | ||
| 008 | 030825e19990000SP |||||||||||||||||spa|d | ||
| 020 | |a 8434416263 | ||
| 082 | 0 | 4 | |a 341.481 |b PIL |2 21 |
| 100 | 0 | |a Pi Llorens, Montserrat |e author |9 477706 | |
| 245 | 1 | 4 | |a Los derechos fundamentales en el ordenamiento comunitario |
| 300 | |a 189 p | ||
| 942 | |c BK | ||
| 945 | |d 20030825 00:00:00 |a cmena | ||
| 260 | |a Barcelona |b Ariel |c 1999 | ||
| 600 | 0 | 7 | |a COMUNIDAD EUROPEA |2 CL-VaPUC |9 477707 |
| 650 | 0 | |a Derecho internacional |9 255637 | |
| 650 | 0 | |a Derechos humanos |9 223025 | |
| 650 | 0 | |a Ordenamiento jurídico |9 355371 | |
| 583 | |a last modification |c 20030825 00:00:00 |k Rodrigo Vera | ||
| 490 | 0 | |a Ariel Derecho | |
| 999 | |c 304661 |d 304659 | ||
| 952 | |0 0 |1 0 |4 0 |6 341_481000000000000_PIL_1999 |7 0 |8 A |9 367300 |a BIBDER |b BIBDER |d 2019-11-21 |i 3933431 |o 341.481 PIL 1999 |p 3933431 |r 2023-01-25 |w 2019-11-21 |y BK |k DER | ||